[Event "IX American Continental Classical Championship 201"]
[Site "Hotel Pipa AtlÃ¢ntico - Praia da Pipa - Rio Grande"]
[Date "2014.10.24"]
[Round "9"]
[Board "7"]
[White "Perez Ponsa, Federico"]
[Black "Molina, Roberto Junio Brito"]
[Result "1/2-1/2"]
[WhiteElo "2536"]
[BlackElo "2425"]
[PlyCount "107"]
[EventDate "2014.10.18"]
[EventRounds "11"]
[EventCountry "BRA"]

1. d4 d5 2. c4 c6 3. Nf3 Nf6 4. e3 Bf5 5. Nc3 e6 6. Nh4 Bg6 7. Be2 Nbd7 8. g3
Be7 9. O-O O-O 10. Nxg6 hxg6 11. b3 Ne4 12. Bb2 Ba3 13. Qc2 Bxb2 14. Qxb2 Nxc3
15. Qxc3 Qe7 16. Bf3 Nf6 17. Rfd1 Rfe8 18. b4 b5 19. c5 a6 20. a4 Rac8 21. axb5
axb5 22. Ra6 e5 23. Rda1 exd4 24. Qxd4 Qe5 25. Rb6 Qxd4 26. exd4 Rc7 27. Rba6
Kf8 28. h4 Ng8 29. Ra8 f5 30. g4 fxg4 31. Bxg4 Nf6 32. Bf3 Rxa8 33. Rxa8+ Ke7
34. Kg2 Ke6 35. Be2 Kf7 36. Kf3 Nd7 37. Bd3 Kf6 38. Kf4 Kf7 39. Be2 Nf8 40. Bg4
Re7 41. f3 Ne6+ 42. Bxe6+ Rxe6 43. Ra7+ Kg8 44. Rd7 Kf8 45. Rd6 Rf6+ 46. Kg4
Rxd6 47. cxd6 Kf7 48. Kg5 Ke6 49. f4 Kd7 50. f5 gxf5 51. Kxf5 Kxd6 52. Kg6 Ke6
53. Kxg7 Ke7 54. h5 1/2-1/2

[Event "IX American Continental Classical Championship 201"]
[Site "Hotel Pipa AtlÃ¢ntico - Praia da Pipa - Rio Grande"]
[Date "2014.10.24"]
[Round "9"]
[Board "8"]
[White "Cori T., Deysi"]
[Black "Alonso, Salvador"]
[Result "1/2-1/2"]
[WhiteElo "2411"]
[BlackElo "2505"]
[PlyCount "64"]
[EventDate "2014.10.18"]
[EventRounds "11"]
[EventCountry "BRA"]

1. d4 d5 2. c4 c6 3. e3 Nf6 4. Nc3 Bf5 5. cxd5 cxd5 6. Qb3 Bc8 7. Bb5+ Nc6 8.
Nf3 e6 9. Ne5 Bd7 10. Nxd7 Nxd7 11. Bd2 Bd6 12. Rc1 O-O 13. O-O Qb8 14. g3 Rc8
15. Qd1 a6 16. Bd3 Nf6 17. e4 Nb4 18. Bb1 dxe4 19. Nxe4 Nxe4 20. Bxe4 Rxc1 21.
Qxc1 Nd5 22. Qc4 Nf6 23. Bf3 Qc8 24. Qb3 Rb8 25. Bg5 Qd8 26. Rc1 h6 27. Be3 Qd7
28. a4 Qe7 29. Rc2 Qd7 30. Rc1 Qe7 31. Rc2 Qd7 32. Rc1 Qe7 1/2-1/2

[Event "IX American Continental Classical Championship 201"]
[Site "Hotel Pipa AtlÃ¢ntico - Praia da Pipa - Rio Grande"]
[Date "2014.10.24"]
[Round "9"]
[Board "10"]
[White "Bachmann, Axel"]
[Black "Leiva, Giuseppe"]
[Result "0-1"]
[WhiteElo "2645"]
[BlackElo "2409"]
[PlyCount "80"]
[EventDate "2014.10.18"]
[EventRounds "11"]
[EventCountry "BRA"]

1. Nf3 Nf6 2. c4 b6 3. d4 e6 4. Nc3 Bb7 5. e3 Bb4 6. Bd3 O-O 7. O-O c5 8. Na4
Qe7 9. a3 Ba5 10. b3 Bc6 11. Bb2 Bxa4 12. bxa4 cxd4 13. Nxd4 Na6 14. Qf3 Rfe8
15. Rfd1 Nc5 16. Bc2 a6 17. g4 Rec8 18. Rac1 Ra7 19. Ne2 Ne8 20. Nf4 d6 21. h4
Rac7 22. g5 Nd7 23. Bd3 g6 24. Bb1 Nc5 25. Bc2 Nd7 26. Qe2 Ng7 27. Rd4 Ne5 28.
Re4 Nf5 29. Ng2 Nxc4 30. Bf6 Qf8 31. Bd3 d5 32. Rf4 Qxa3 33. Ra1 Qd6 34. Bxf5
exf5 35. Rd1 Qc6 36. Qf3 Nd2 37. Qh3 Qc2 38. Rxd2 Qxd2 39. Qf3 Rc1+ 40. Kh2 Qd1
 0-1

[Event "IX American Continental Classical Championship 201"]
[Site "Hotel Pipa AtlÃ¢ntico - Praia da Pipa - Rio Grande"]
[Date "2014.10.24"]
[Round "9"]
[Board "11"]
[White "Paveto, Kevin"]
[Black "Kaidanov, Gregory S"]
[Result "1-0"]
[WhiteElo "2426"]
[BlackElo "2569"]
[PlyCount "87"]
[EventDate "2014.10.18"]
[EventRounds "11"]
[EventCountry "BRA"]

1. e4 e6 2. d4 d5 3. Nd2 Be7 4. Qg4 Nf6 5. Qxg7 Rg8 6. Qh6 dxe4 7. Qe3 c5 8.
dxc5 Qd5 9. Nb3 Nbd7 10. Ne2 Nxc5 11. Nc3 Qe5 12. Qf4 Qxf4 13. Bxf4 Bd7 14. Nb5
Nxb3 15. axb3 Nd5 16. Nd6+ Bxd6 17. Bxd6 f5 18. g3 Kf7 19. Be2 Bc6 20. Bh5+ Kf6
21. c4 Ne7 22. O-O Ng6 23. Rfd1 Ne5 24. Bc5 Nd3 25. Bxa7 e5 26. Be2 Nf4 27. Bf1
Ne6 28. b4 Rgd8 29. Rxd8 Rxd8 30. b5 Be8 31. c5 Nd4 32. c6 bxc6 33. b6 Nb3 34.
Ra3 Nc5 35. Rc3 Nb7 36. Ba6 Rd1+ 37. Kg2 f4 38. gxf4 exf4 39. Bxb7 Kg5 40. h4+
Kxh4 41. Bc8 e3 42. fxe3 Bh5 43. exf4 Rd2+ 44. Kf1 1-0

[Event "IX American Continental Classical Championship 201"]
[Site "Hotel Pipa AtlÃ¢ntico - Praia da Pipa - Rio Grande"]
[Date "2014.10.24"]
[Round "9"]
[Board "13"]
[White "Cruz, Cristhian"]
[Black "Abarca Gonzalez, Nicolas"]
[Result "1/2-1/2"]
[WhiteElo "2557"]
[BlackElo "2328"]
[PlyCount "57"]
[EventDate "2014.10.18"]
[EventRounds "11"]
[EventCountry "BRA"]

1. d4 g6 2. c4 Bg7 3. Nc3 Nf6 4. e4 d6 5. Be2 O-O 6. Bg5 Na6 7. f4 c5 8. d5 Nc7
9. Qd2 b5 10. cxb5 a6 11. bxa6 Bxa6 12. Nf3 Qd7 13. O-O Rfb8 14. Bxa6 Rxa6 15.
e5 dxe5 16. Nxe5 Qf5 17. Qe2 Re8 18. Rad1 Rb6 19. Nc4 Rb4 20. Ne3 Qd7 21. f5
Rd4 22. Qf3 Nb5 23. Nxb5 Qxb5 24. fxg6 hxg6 25. d6 Rxd1 26. Rxd1 exd6 27. Bxf6
Bxf6 28. Qxf6 Rxe3 29. Qxd6 1/2-1/2

[Event "IX American Continental Classical Championship 201"]
[Site "Hotel Pipa AtlÃ¢ntico - Praia da Pipa - Rio Grande"]
[Date "2014.10.24"]
[Round "9"]
[Board "14"]
[White "El Debs, Felipe De Cresce"]
[Black "Santiago, Yago De Moura"]
[Result "1/2-1/2"]
[WhiteElo "2514"]
[BlackElo "2397"]
[PlyCount "64"]
[EventDate "2014.10.18"]
[EventRounds "11"]
[EventCountry "BRA"]

1. d4 Nf6 2. c4 g6 3. Nc3 Bg7 4. e4 d6 5. Nf3 O-O 6. Be2 e5 7. Be3 Ng4 8. Bg5
f6 9. Bh4 g5 10. Bg3 Nh6 11. dxe5 dxe5 12. Qd5+ Kh8 13. Qxd8 Rxd8 14. h4 g4 15.
Nh2 Be6 16. O-O Nc6 17. Nd5 Nd4 18. Bd1 c6 19. Nc7 Bxc4 20. Nxa8 Bxf1 21. Kxf1
f5 22. exf5 Nhxf5 23. Nc7 h5 24. Bb3 Nxg3+ 25. fxg3 e4 26. Ne6 Nxe6 27. Bxe6
Rd2 28. Re1 Be5 29. Re3 Rxb2 30. Bf7 Rb1+ 31. Ke2 Rb2+ 32. Kd1 Rb1+ 1/2-1/2

[Event "IX American Continental Classical Championship 201"]
[Site "Hotel Pipa AtlÃ¢ntico - Praia da Pipa - Rio Grande"]
[Date "2014.10.24"]
[Round "9"]
[Board "16"]
[White "Pichot, Alan"]
[Black "Perez Gormaz, Matias"]
[Result "1-0"]
[WhiteElo "2473"]
[BlackElo "2327"]
[PlyCount "61"]
[EventDate "2014.10.18"]
[EventRounds "11"]
[EventCountry "BRA"]

1. e4 e5 2. Nf3 Nc6 3. Bb5 a6 4. Ba4 Nf6 5. O-O b5 6. Bb3 Bc5 7. a4 Rb8 8. axb5
axb5 9. Nxe5 Nxe5 10. d4 Bxd4 11. Qxd4 d6 12. f4 Nc6 13. Qc3 Ne7 14. e5 Ne4 15.
Qe1 Nc5 16. Ba2 O-O 17. Be3 Bf5 18. Qf2 Ne4 19. Qf3 Ra8 20. c3 dxe5 21. fxe5
Bg6 22. Na3 Nxc3 23. bxc3 Rxa3 24. Bc5 Ra6 25. Qb7 Ra8 26. e6 Rb8 27. Qf3 Qe8
28. Rad1 fxe6 29. Bxe6+ Bf7 30. Bd7 Bc4 31. Bxe8 1-0

[Event "IX American Continental Classical Championship 201"]
[Site "Hotel Pipa AtlÃ¢ntico - Praia da Pipa - Rio Grande"]
[Date "2014.10.24"]
[Round "9"]
[Board "17"]
[White "Luz, Arthur Nader"]
[Black "Henriquez Villagra, Cristobal"]
[Result "0-1"]
[WhiteElo "1885"]
[BlackElo "2470"]
[PlyCount "94"]
[EventDate "2014.10.18"]
[EventRounds "11"]
[EventCountry "BRA"]

1. d4 d5 2. c4 e6 3. Nc3 Be7 4. cxd5 exd5 5. Bf4 c6 6. e3 Nf6 7. Bd3 O-O 8. Qc2
h6 9. h3 Bd6 10. Bxd6 Qxd6 11. Nge2 Re8 12. g4 Nbd7 13. Ng3 Nf8 14. O-O-O Bd7
15. Nf5 Bxf5 16. Bxf5 g6 17. Bd3 Rac8 18. Kb1 c5 19. dxc5 Rxc5 20. Qb3 Rec8 21.
Ne2 R5c7 22. Ng3 Qc5 23. Qb5 b6 24. Qxc5 bxc5 25. Be2 Ne6 26. f4 c4 27. h4 c3
28. bxc3 Rxc3 29. f5 Rxe3 30. fxe6 Rxg3 31. Rhf1 Kg7 32. exf7 Rf8 33. Bf3 Rxf7
34. Bxd5 Nxd5 35. Rxf7+ Kxf7 36. Rxd5 Rxg4 37. h5 gxh5 38. Rd7+ Kg6 39. Rxa7 h4
40. Ra6+ Kh5 41. Ra5+ Rg5 42. Ra3 Kg4 43. Rd3 h3 44. Rd4+ Kh5 45. Rd3 Kh4 46.
Rd4+ Rg4 47. Rd2 Rg1+ 0-1

[Event "IX American Continental Classical Championship 201"]
[Site "Hotel Pipa AtlÃ¢ntico - Praia da Pipa - Rio Grande"]
[Date "2014.10.24"]
[Round "9"]
[Board "18"]
[White "Barbosa, Evandro Amorim"]
[Black "Abdalla, Luiz Guilherme Aurell"]
[Result "1-0"]
[WhiteElo "2449"]
[BlackElo "2302"]
[PlyCount "53"]
[EventDate "2014.10.18"]
[EventRounds "11"]
[EventCountry "BRA"]

1. e4 c5 2. Nf3 e6 3. d3 d5 4. Qe2 Nf6 5. g3 Nc6 6. Bg2 Be7 7. O-O b6 8. e5 Nd7
9. c4 d4 10. Nfd2 Bb7 11. f4 Qc7 12. Na3 O-O-O 13. Ne4 a6 14. Nc2 h6 15. a3 Kb8
16. Bd2 Rde8 17. b4 f5 18. exf6 Nxf6 19. Rfb1 Nxe4 20. Bxe4 Bd6 21. a4 g5 22.
a5 bxa5 23. bxc5 Bxc5 24. Qf3 Rc8 25. Bxa5 Qd6 26. Bb6 Rhf8 27. Rxa6 1-0

[Event "IX American Continental Classical Championship 201"]
[Site "Hotel Pipa AtlÃ¢ntico - Praia da Pipa - Rio Grande"]
[Date "2014.10.24"]
[Round "9"]
[Board "19"]
[White "Gonzalez Acosta, Bernal"]
[Black "Cruz, William Ferreira Da"]
[Result "1-0"]
[WhiteElo "2478"]
[BlackElo "2217"]
[PlyCount "77"]
[EventDate "2014.10.18"]
[EventRounds "11"]
[EventCountry "BRA"]

1. d4 Nf6 2. Nf3 g6 3. Bf4 Bg7 4. e3 d6 5. Be2 O-O 6. h3 Nbd7 7. O-O b6 8. a4
a6 9. c3 Bb7 10. Bh2 Qe8 11. c4 e5 12. a5 Ne4 13. Nc3 Nxc3 14. bxc3 f5 15. Qb3
Kh8 16. Qb4 Rb8 17. axb6 Nxb6 18. Rfd1 f4 19. dxe5 fxe3 20. exd6 exf2+ 21. Kxf2
Bxf3 22. Bxf3 Nd5 23. Qc5 Rxf3+ 24. Kg1 cxd6 25. Qxd5 Rxc3 26. Bxd6 Rc8 27. c5
Qb5 28. Rab1 Qc4 29. Qg5 a5 30. Rb7 Qe2 31. Rf1 Qe3+ 32. Qxe3 Rxe3 33. Rff7 Bd4
34. Rxh7+ Kg8 35. Kh2 Be5+ 36. Bxe5 Rxe5 37. Rbg7+ Kf8 38. Rxg6 Rexc5 39. Ra6
 1-0

[Event "IX American Continental Classical Championship 201"]
[Site "Hotel Pipa AtlÃ¢ntico - Praia da Pipa - Rio Grande"]
[Date "2014.10.24"]
[Round "9"]
[Board "20"]
[White "Ruiz C, Joshua D"]
[Black "Mesias Rojas, Rabindranath"]
[Result "1-0"]
[WhiteElo "2396"]
[BlackElo "2209"]
[PlyCount "59"]
[EventDate "2014.10.18"]
[EventRounds "11"]
[EventCountry "BRA"]

1. e4 c5 2. Nf3 Nf6 3. Nc3 d5 4. Bb5+ Bd7 5. e5 d4 6. exf6 dxc3 7. fxg7 cxd2+
8. Nxd2 Bxg7 9. Bd3 Bc6 10. O-O Nd7 11. Qg4 Nf6 12. Qh3 Rg8 13. Re1 Bh6 14. Ne4
Nxe4 15. Bxh6 Nf6 16. f3 c4 17. Bf5 Qd4+ 18. Be3 Qd5 19. Kf1 e6 20. Bh6 Bd7 21.
Rad1 Qc6 22. Qh4 O-O-O 23. Rd4 Kb8 24. Rxc4 Qa6 25. Bd3 b5 26. Qf4+ Ka8 27. Rd4
Nd5 28. Qxf7 Qd6 29. Be4 Qxh2 30. Bxd5+ 1-0

[Event "IX American Continental Classical Championship 201"]
[Site "Hotel Pipa AtlÃ¢ntico - Praia da Pipa - Rio Grande"]
[Date "2014.10.24"]
[Round "9"]
[Board "21"]
[White "Andrade, Roberto Luiz Costa"]
[Black "Valdes Escobar, Alvaro"]
[Result "0-1"]
[WhiteElo "2200"]
[BlackElo "2378"]
[PlyCount "94"]
[EventDate "2014.10.18"]
[EventRounds "11"]
[EventCountry "BRA"]

1. e4 c5 2. Nf3 e6 3. d4 cxd4 4. Nxd4 Nc6 5. Nc3 Qc7 6. Be2 Nf6 7. O-O d6 8.
Be3 Be7 9. Qd2 O-O 10. Rad1 a6 11. f4 Bd7 12. Kh1 Rac8 13. Nf3 Rfd8 14. Qe1 b5
15. Bd3 Nb4 16. e5 Nxd3 17. Rxd3 Ng4 18. Ne4 Qxc2 19. Rd4 dxe5 20. fxe5 Bc6 21.
Nd6 Bxd6 22. exd6 Bxf3 23. Rxf3 Nxe3 24. Rxe3 Qxb2 25. Rd1 Qxa2 26. d7 Rc7 27.
Qg3 Qc2 28. Red3 h6 29. h3 Qc6 30. Rd6 Qb7 31. Qd3 Rc6 32. Rd4 Qc7 33. Qd2 Rc2
34. Qd3 Rc1 35. Rd6 Rxd1+ 36. Qxd1 b4 37. Rd4 b3 38. Qd2 b2 39. Qxb2 Rxd7 40.
Rxd7 Qxd7 41. Qb8+ Kh7 42. Qb1+ f5 43. h4 Qd4 44. Qe1 Qe4 45. Qg3 a5 46. Kg1 f4
47. Qg4 a4 0-1

[Event "IX American Continental Classical Championship 201"]
[Site "Hotel Pipa AtlÃ¢ntico - Praia da Pipa - Rio Grande"]
[Date "2014.10.24"]
[Round "9"]
[Board "22"]
[White "Quintiliano Pinto, Renato R."]
[Black "Januario, Severino Pereira"]
[Result "1-0"]
[WhiteElo "2378"]
[BlackElo "2171"]
[PlyCount "77"]
[EventDate "2014.10.18"]
[EventRounds "11"]
[EventCountry "BRA"]

1. d4 d5 2. c4 c6 3. Nc3 Nf6 4. e3 e6 5. Nf3 Bd6 6. Qc2 Nbd7 7. b3 Qe7 8. Be2
b6 9. O-O O-O 10. Bb2 Bb7 11. Rad1 Rac8 12. e4 dxe4 13. Nxe4 Nxe4 14. Qxe4 Rfd8
15. Bd3 Nf8 16. Rfe1 Ng6 17. h4 Qf6 18. g3 Rd7 19. Qe2 Qe7 20. c5 Bb8 21. h5
Nf8 22. h6 g6 23. b4 Rd5 24. Be4 Rh5 25. Bc1 f5 26. Bc2 f4 27. Kg2 fxg3 28.
fxg3 a5 29. a3 Re8 30. Rh1 Rxh1 31. Rxh1 axb4 32. axb4 Bc8 33. Bb3 Qb7 34. Bd2
bxc5 35. dxc5 Qc7 36. Qf2 Re7 37. Ng5 Qb7 38. Rf1 Re8 39. Bc3 1-0

[Event "IX American Continental Classical Championship 201"]
[Site "Hotel Pipa AtlÃ¢ntico - Praia da Pipa - Rio Grande"]
[Date "2014.10.24"]
[Round "9"]
[Board "23"]
[White "Umetsubo, Cesar Hidemitsu"]
[Black "Aliaga Fernandez, Ingrid Y"]
[Result "1-0"]
[WhiteElo "2355"]
[BlackElo "2181"]
[PlyCount "115"]
[EventDate "2014.10.18"]
[EventRounds "11"]
[EventCountry "BRA"]

1. e4 c5 2. c3 d5 3. exd5 Qxd5 4. d4 Nf6 5. Nf3 Bg4 6. Be2 e6 7. h3 Bh5 8. O-O
Nc6 9. Be3 cxd4 10. Nxd4 Bxe2 11. Qxe2 Nxd4 12. Bxd4 Be7 13. Rd1 Qc6 14. Nd2
O-O 15. Qc4 Qxc4 16. Nxc4 Rfc8 17. Ne3 Ne8 18. c4 f6 19. Bc3 Rd8 20. Kf1 Kf7
21. Ke2 Rac8 22. f4 Bc5 23. b3 h5 24. Kf3 Bb6 25. Bb4 Bd4 26. Rac1 g6 27. a4 f5
28. a5 a6 29. Nc2 Bb2 30. Rb1 Bg7 31. Be1 Bf6 32. Bf2 Rxd1 33. Rxd1 Rd8 34. Bd4
e5 35. fxe5 Bxe5 36. Ke2 Bxd4 37. Rxd4 Rxd4 38. Nxd4 Nf6 39. b4 Ne4 40. c5 h4
41. c6 bxc6 42. Nxc6 Nc3+ 43. Kd3 Nb5 44. Nd4 Nc7 45. Nf3 Ke6 46. Kc4 Nd5 47.
Kc5 Nf4 48. b5 Kd7 49. bxa6 Kc7 50. Nxh4 g5 51. Nxf5 Nxg2 52. Nd6 Kb8 53. Kb6
Nf4 54. a7+ Ka8 55. Nb5 Nd5+ 56. Kc5 Nf4 57. Kc6 Ne6 58. Kb6 1-0

[Event "IX American Continental Classical Championship 201"]
[Site "Hotel Pipa AtlÃ¢ntico - Praia da Pipa - Rio Grande"]
[Date "2014.10.24"]
[Round "9"]
[Board "24"]
[White "Azevedo Junior, Jose Ferreira"]
[Black "Acosta, Pablo Ismael"]
[Result "0-1"]
[WhiteElo "2088"]
[BlackElo "2300"]
[PlyCount "112"]
[EventDate "2014.10.18"]
[EventRounds "11"]
[EventCountry "BRA"]

1. d4 d5 2. c4 e6 3. Nc3 Nf6 4. Nf3 a6 5. e3 Nbd7 6. a3 Be7 7. Be2 dxc4 8. Bxc4
b5 9. Ba2 Bb7 10. b4 Bd6 11. Bb2 e5 12. Ne2 e4 13. Ne5 O-O 14. Ng3 Qe8 15. Nxd7
Qxd7 16. Nh5 Nd5 17. Ng3 Rae8 18. Rc1 f5 19. O-O Kh8 20. Bxd5 Bxd5 21. Re1 Re6
22. Rc5 c6 23. Ne2 Rh6 24. g3 Qf7 25. Nf4 Bb3 26. Qe2 Bxc5 27. dxc5 Rd8 28. Bd4
Kg8 29. h4 Qe7 30. Kg2 g5 31. hxg5 Qxg5 32. Rh1 Rxh1 33. Kxh1 Bf7 34. Kg2 h5
35. Qb2 Qg4 36. Qe2 Bc4 37. Qxg4+ hxg4 38. Kg1 Rd7 39. Ng6 Rh7 40. Nh4 Rh5 41.
Ng6 Kf7 42. Ne5+ Ke6 43. Nxc6 Be2 44. Ne5 Bf3 45. Nxf3 gxf3 46. Bb2 Kd5 47. Bd4
Rh7 48. Bf6 Kc4 49. Be5 Rh6 50. Bg7 Rc6 51. Kh2 Kb3 52. g4 fxg4 53. Kg3 Kxa3
54. Bc3 Kb3 55. Bd4 Kxb4 56. Kxg4 Kc4 0-1

[Event "IX American Continental Classical Championship 201"]
[Site "Hotel Pipa AtlÃ¢ntico - Praia da Pipa - Rio Grande"]
[Date "2014.10.24"]
[Round "9"]
[Board "25"]
[White "Llorens Sepulveda, Marcelo"]
[Black "Santos Filho, Tadeu Sousa"]
[Result "1-0"]
[WhiteElo "2275"]
[BlackElo "2074"]
[PlyCount "127"]
[EventDate "2014.10.18"]
[EventRounds "11"]
[EventCountry "BRA"]

1. e4 e6 2. d3 d5 3. Nd2 Nf6 4. Ngf3 Bc5 5. e5 Nfd7 6. d4 Bb6 7. Nb3 c5 8. dxc5
Nxc5 9. Nxc5 Bxc5 10. Bd3 Nc6 11. O-O Nb4 12. Ng5 Nxd3 13. Qxd3 Qc7 14. Qg3 O-O
15. Bf4 Qe7 16. c3 Bd7 17. b4 Bb6 18. a4 a5 19. Qd3 g6 20. Nf3 f6 21. b5 Rac8
22. exf6 Qxf6 23. Be5 Qf5 24. Qd2 Qh5 25. Qg5 Qxg5 26. Nxg5 h6 27. Nf3 g5 28.
h3 Be8 29. Bd4 Bc7 30. Rfe1 Bf7 31. Rab1 Bg6 32. Rb2 Kh7 33. b6 Bd6 34. Rb5 Ra8
35. Bc5 Rfd8 36. Bxd6 Rxd6 37. Ne5 Kg8 38. c4 dxc4 39. Nxc4 Rd5 40. Rb2 Rc8 41.
Ne3 Rd6 42. Ng4 Kg7 43. Re5 Rcc6 44. Rxa5 Rxb6 45. Rab5 Rxb5 46. Rxb5 Rd1+ 47.
Kh2 Rb1 48. Rc5 Be4 49. Rc7+ Kg6 50. Ne5+ Kf5 51. Nf7 h5 52. h4 Bc6 53. Nxg5
Rb4 54. Kh3 Rxa4 55. f3 Bd5 56. Rc8 b5 57. Rb8 b4 58. g4+ hxg4+ 59. fxg4+ Kg6
60. Rg8+ Kh6 61. h5 Ra3+ 62. Kh4 Bc4 63. Ne4 Rf3 64. Rg6+ 1-0

[Event "IX American Continental Classical Championship 201"]
[Site "Hotel Pipa AtlÃ¢ntico - Praia da Pipa - Rio Grande"]
[Date "2014.10.24"]
[Round "9"]
[Board "26"]
[White "Brito, Luismar"]
[Black "Mafra, Kaiser Luiz"]
[Result "1-0"]
[WhiteElo "2261"]
[BlackElo "2148"]
[PlyCount "69"]
[EventDate "2014.10.18"]
[EventRounds "11"]
[EventCountry "BRA"]

1. e4 e6 2. Nf3 d5 3. Nc3 d4 4. Ne2 c5 5. c3 Nf6 6. Ng3 h5 7. e5 h4 8. exf6
hxg3 9. fxg3 gxf6 10. cxd4 cxd4 11. Bb5+ Nd7 12. O-O a5 13. Be2 d3 14. Bxd3 Ne5
15. Bc2 Nd3 16. Qe2 Bc5+ 17. Kh1 Nb4 18. d4 Bd6 19. Bf4 Nd5 20. Bxd6 Qxd6 21.
Be4 Bd7 22. Nh4 O-O-O 23. Bxd5 Qxd5 24. Rxf6 Bc6 25. Rxf7 e5 26. Rf6 Qxd4 27.
Re6 Rhe8 28. Rxe8 Rxe8 29. Qc2 Kb8 30. h3 Rc8 31. Rd1 Qe3 32. Qd3 Qf2 33. Kh2
Re8 34. Rd2 Qe1 35. Rd1 {resto ilegÃ­vel} 1-0

[Event "IX American Continental Classical Championship 201"]
[Site "Hotel Pipa AtlÃ¢ntico - Praia da Pipa - Rio Grande"]
[Date "2014.10.24"]
[Round "9"]
[Board "27"]
[White "Okamura, Milton Kasuo"]
[Black "Teixeira, Ricardo Da Silva"]
[Result "0-1"]
[WhiteElo "2085"]
[BlackElo "2220"]
[PlyCount "68"]
[EventDate "2014.10.18"]
[EventRounds "11"]
[EventCountry "BRA"]

1. d4 e6 2. c4 f5 3. Nf3 Nf6 4. g3 Be7 5. Bg2 O-O 6. O-O d6 7. Nc3 a5 8. Qc2
Nc6 9. a3 e5 10. d5 Nb8 11. Rb1 Qe8 12. b4 Qh5 13. Bg5 e4 14. Bxf6 Bxf6 15. Nd2
Bxc3 16. Qxc3 axb4 17. axb4 Qxe2 18. Rfe1 Qh5 19. Ra1 Rxa1 20. Rxa1 Nd7 21. c5
Ne5 22. cxd6 cxd6 23. f3 exf3 24. Nxf3 Nxf3+ 25. Bxf3 Qg5 26. Ra8 Bd7 27. Rxf8+
Kxf8 28. Qc7 Qe3+ 29. Kg2 Ke7 30. Qxb7 g5 31. g4 h5 32. h3 Qd2+ 33. Kf1 hxg4
34. hxg4 fxg4 0-1

[Event "IX American Continental Classical Championship 201"]
[Site "Hotel Pipa AtlÃ¢ntico - Praia da Pipa - Rio Grande"]
[Date "2014.10.24"]
[Round "9"]
[Board "28"]
[White "Souza, Rafael Cabral De"]
[Black "Macedo, Maximo Iack"]
[Result "1/2-1/2"]
[WhiteElo "2138"]
[BlackElo "2336"]
[PlyCount "26"]
[EventDate "2014.10.18"]
[EventRounds "11"]
[EventCountry "BRA"]

1. e4 e5 2. Nf3 Nc6 3. Bb5 a6 4. Ba4 Nf6 5. d3 d6 6. c3 g6 7. O-O Bg7 8. Re1
O-O 9. Nbd2 Bd7 10. Nf1 Re8 11. Bg5 h6 12. Bh4 Qb8 13. Ne3 b5 1/2-1/2

[Event "IX American Continental Classical Championship 201"]
[Site "Hotel Pipa AtlÃ¢ntico - Praia da Pipa - Rio Grande"]
[Date "2014.10.24"]
[Round "9"]
[Board "29"]
[White "Pereira, Silvio Cunha"]
[Black "Markzon, Gregory"]
[Result "0-1"]
[WhiteElo "2335"]
[BlackElo "2160"]
[PlyCount "66"]
[EventDate "2014.10.18"]
[EventRounds "11"]
[EventCountry "BRA"]

1. e4 e5 2. Nf3 Nc6 3. Bb5 a6 4. Ba4 Nf6 5. O-O Be7 6. Qe2 b5 7. Bb3 O-O 8. c3
d6 9. d4 Bg4 10. Rd1 exd4 11. cxd4 d5 12. e5 Ne4 13. h3 Bh5 14. Nc3 Nxc3 15.
bxc3 Qd7 16. g4 Bg6 17. Ne1 Na5 18. Nd3 Bxd3 19. Qxd3 Nxb3 20. axb3 f5 21. Qg3
Qe6 22. b4 g5 23. gxf5 Rxf5 24. Be3 Raf8 25. Kg2 Kh8 26. Rd2 h5 27. Rda2 Qf7
28. Kg1 Rf3 29. Qg2 Qf5 30. Rxa6 Rxh3 31. Rh6+ Kg7 32. Rc6 Rh4 33. Qxd5 Qh3 0-1

[Event "IX American Continental Classical Championship 201"]
[Site "Hotel Pipa AtlÃ¢ntico - Praia da Pipa - Rio Grande"]
[Date "2014.10.24"]
[Round "9"]
[Board "30"]
[White "Alarcon Bahamondes, Roberto"]
[Black "Caceres Vasquez, Sergio"]
[Result "0-1"]
[WhiteElo "2276"]
[BlackElo "2138"]
[PlyCount "89"]
[EventDate "2014.10.18"]
[EventRounds "11"]
[EventCountry "BRA"]

1. c4 e6 2. Nf3 d5 3. d4 Nf6 4. Nc3 Be7 5. Bg5 O-O 6. Qc2 h6 7. Bh4 b6 8. e3
Bb7 9. Rc1 Nbd7 10. cxd5 exd5 11. Bd3 c5 12. O-O a6 13. Rfd1 c4 14. Bf5 b5 15.
a3 Re8 16. Ne5 Nf8 17. Qe2 Ne4 18. Bxe7 Qxe7 19. Qg4 Nxc3 20. Rxc3 Bc8 21. Re1
Bxf5 22. Qxf5 Qe6 23. Qh5 a5 24. Rcc1 Nd7 25. Nxd7 Qxd7 26. Qf3 f5 27. Re2 b4
28. Ra1 Rab8 29. axb4 axb4 30. Ra5 Ra8 31. Rxa8 Rxa8 32. g3 Ra1+ 33. Kg2 Qe6
34. Qh5 Kh7 35. g4 g6 36. gxf5 gxf5 37. f3 Qg6+ 38. Qxg6+ Kxg6 39. e4 fxe4 40.
fxe4 dxe4 41. Rc2 c3 42. Kg3 Ra2 43. Rc1 cxb2 44. Rb1 Kf5 45. Kf2 0-1

[Event "IX American Continental Classical Championship 201"]
[Site "Hotel Pipa AtlÃ¢ntico - Praia da Pipa - Rio Grande"]
[Date "2014.10.24"]
[Round "9"]
[Board "31"]
[White "Cortes Orihuela, Javier"]
[Black "Sztokbant, Bernardo Vainzoff"]
[Result "0-1"]
[WhiteElo "2156"]
[BlackElo "2271"]
[PlyCount "80"]
[EventDate "2014.10.18"]
[EventRounds "11"]
[EventCountry "BRA"]

1. d4 d5 2. c4 e6 3. Nf3 Nf6 4. g3 Be7 5. Bg2 O-O 6. O-O dxc4 7. Qc2 a6 8. Qxc4
b5 9. Qc2 Bb7 10. Bd2 Bd6 11. a3 Nbd7 12. Ba5 Ra7 13. Nbd2 Qa8 14. Rae1 c5 15.
e4 cxd4 16. Nxd4 Rc8 17. Qb1 Qb8 18. N2b3 Bc7 19. Rc1 Ne5 20. Bxc7 Rxc7 21. Na5
Ba8 22. Rxc7 Rxc7 23. Ndb3 Qb6 24. Rd1 Rc8 25. Rc1 Rd8 26. Qc2 Nd3 27. Rd1 Nxe4
28. Bxe4 Bxe4 29. Qe2 Bg6 30. Qe3 Qc7 31. Rd2 h5 32. h4 Rd5 33. Kh2 Re5 34. Qf3
Be4 35. Qd1 Rd5 36. f3 Bg6 37. Qc2 Qb6 38. Qd1 Nxb2 39. Qe2 Nd3 40. Qg2 Ne1 0-1

[Event "IX American Continental Classical Championship 201"]
[Site "Hotel Pipa AtlÃ¢ntico - Praia da Pipa - Rio Grande"]
[Date "2014.10.24"]
[Round "9"]
[Board "32"]
[White "Feliciano Ebert, Vanessa"]
[Black "Santos, Anderson Guerra Dos"]
[Result "1-0"]
[WhiteElo "2252"]
[BlackElo "2119"]
[PlyCount "83"]
[EventDate "2014.10.18"]
[EventRounds "11"]
[EventCountry "BRA"]

1. e4 c5 2. Nf3 d6 3. Bb5+ Bd7 4. Bxd7+ Qxd7 5. O-O Nc6 6. Qe2 e5 7. c3 Nf6 8.
Rd1 Qg4 9. d4 Qxe4 10. Qxe4 Nxe4 11. dxe5 dxe5 12. Re1 f5 13. Nbd2 O-O-O 14.
Nxe4 fxe4 15. Ng5 Rd7 16. Nxe4 Be7 17. Be3 b6 18. Kf1 Rhd8 19. Ke2 Na5 20. b3
c4 21. Nd2 Rd3 22. b4 Nc6 23. Rec1 b5 24. a4 a6 25. axb5 axb5 26. Ne4 Kd7 27.
Ra6 h6 28. Rca1 Rb8 29. Bc5 Bd8 30. Bf8 Rd5 31. Bxg7 h5 32. Bf6 Bb6 33. Ra8 Rb7
34. h3 Nb8 35. g4 Ke6 36. gxh5 Kf5 37. f3 Nd7 38. Bg5 Bd4 39. cxd4 exd4 40. Re8
d3+ 41. Kf2 Rc7 42. h4 1-0